00337nam a2200121Ia 4500008004100000041000800041082001700049100001700066245002800083260005500111300000900166700004000175230125s9999 xx 000 0 und d aeng a658.848bSEN aSengupta A K aInternational Marketing c2010bSymbiosis centre for distance learningaPune a316p aSengupta A K & Nandini Madan, Donor